000 nam a22 a 4500
999 _c2940
_d2940
003 AKMAL
005 20170518164924.0
008 170518s1996 -uk 00 eng
020 _a0749420545:
_cGBP 17.60
040 _aAKMAL
082 0 4 _a658.05 BAR
090 2 0 _a658.05
_bBAR
100 1 _aBarrett, Neil
_96150
245 1 4 _aThe state of the cybernation :
_bcutural, political and economic implications of the internet /
_cNeil Barrett
260 _aLondon :
_bKogan Page,
_c1996
300 _a258p. ;
_c23cm
504 _aIncludes bibliographical references and index
650 _aInternet (Computer network)
_9652
942 _2ddc
_cBOOK